000 00443nam a2200169Ia 4500
005 20250508163449.0
008 008 250505s9999 xx 000 0 hin d
037 _aTextual
040 _aFEDL
_beng
_cFEDL
041 _ahin
_2eng
084 _aJFH, SAN
_qFEDL
100 _aSankritiyapan Rahul
_9775383
245 0 _aAdi hindi ki kahaniya aur geet
300 _a139p.
942 _cTEXL
_hJFH, SAN
999 _c1383456
_d1383456